[Event "Czech Open-Rapid 2022"]
[Site "Pardubice"]
[Date "2022.07.21"]
[Round "8.2"]
[White "Harsha Bharathakoti"]
[Black "Stocek, Jiri"]
[Result "1-0"]
[WhiteElo "2547"]
[BlackElo "2548"]
[Annotator "TA"]
[PlyCount "119"]
[EventDate "2022.07.20"]
[EventType "swiss"]
[EventCountry "CZE"]
[SourceTitle "playchess.com"]
[Source "ChessBase"]
[SourceQuality "1"]
[TimeControl "1200+10"]

{[%evp 22,119,44,34,45,45,53,64,51,46,49,50,58,50,58,31,31,26,33,35,41,32,60,51,64,38,54,52,46,42,38,41,20,38,62,64,74,0,0,0,32,16,22,15,31,28,38,15,52,30,39,33,58,31,58,58,70,70,104,52,98,96,113,113,149,104,145,113,113,97,131,0,113,0,139,139,127,113,113,113,97,100,171,210,365,346,322,287,352,342,344,344,322,333,319,319,438,423,512,471]} 1. Nf3 {[%emt 0:00:04]} d6 {[%emt 0:00:12]} 2. d4 {[%emt 0:00:18]} g6 {[%emt 0:00:08]} 3. e4 {[%emt 0:00:18]} Bg7 {[%emt 0:00:12]} 4. Nc3 {[%emt 0:01:50]} Nf6 {[%emt 0:00:36]} 5. Be2 {[%emt 0:00:04]} O-O {[%emt 0:00:17]} 6. O-O {[%emt 0:00:18]} Bg4 {[%emt 0:00:05]} 7. Be3 {[%emt 0:01:04]} Nc6 {[%emt 0:00:23]} 8. d5 {[%emt 0:01:58]} Bxf3 {[%emt 0:00:31]} 9. Bxf3 {[%emt 0:00:02]} Ne5 {[%emt 0:00:01]} 10. Be2 {[%emt 0:00:03]} c6 {[%emt 0:00:10]} 11. a4 {[%emt 0:00:36]} cxd5 {[%emt 0:05:10]} 12. exd5 {[%emt 0:00:02]} Qa5 {[%emt 0:00:05] B08: Pirc Defence: Classical System.} 13. Ra3 {[%emt 0:00:36]} Rfc8 {[%emt 0:00:22]} 14. Rb3 {[%emt 0:00:17]} Qc7 {[%emt 0:00:28] White is slightly better.} 15. Bd4 {[%emt 0:01:22]} a6 {[%emt 0:00:18]} 16. Re1 {[%emt 0:00:26]} Re8 {[%emt 0:00:17]} 17. Bb6 {[%emt 0:01:29]} Qb8 {[%emt 0:01:39]} 18. Bf1 {[%emt 0:00:50]} Ned7 {[%emt 0:00:09]} 19. Bd4 {[%emt 0:00:09]} Qc7 {[%emt 0:00:08] [#]} 20. g3 $146 {[%emt 0:02:55]} ({Predecessor:} 20. Ne4 Nxe4 21. Rxe4 Nc5 22. Bxc5 dxc5 23. Bc4 Rad8 24. Qe2 Rd7 25. g3 Bf6 26. Rf3 Red8 27. Kg2 b5 28. axb5 axb5 29. Bxb5 Rxd5 {½-½ (59) Dvorak,T (2300)-Petran,P (2380) Czech Republic 2002}) 20... Rab8 {[%emt 0:00:48]} 21. Bg2 {[%emt 0:03:12]} Nc5 {[%emt 0:01:37]} 22. Ra3 {[%emt 0:00:01]} h5 {[%emt 0:02:31]} 23. Na2 {[%emt 0:00:49]} Rbc8 {[%emt 0:01:27]} 24. a5 {[%emt 0:00:31]} Ncd7 {[%emt 0:00:16]} 25. Nb4 {[%emt 0:01:12]} Ng4 {[%emt 0:00:42]} 26. h3 {[%emt 0:00:46]} Bxd4 {[%emt 0:00:33]} 27. Qxd4 {[%emt 0:00:02]} Ngf6 {[%emt 0:00:20]} 28. Ree3 {[%emt 0:01:57] White is much more active.} Qc4 {[%emt 0:00:41] [#]} 29. Qxc4 {[%emt 0:00:03]} (29. Qd2 $1 $16) 29... Rxc4 $11 {[%emt 0:00:02]} 30. c3 {[%emt 0:00:01]} Kf8 {[%emt 0:00:35]} 31. Bf1 {[%emt 0:00:12]} (31. b3 $5 {[%cal Rb3c4]} Rc7 32. c4 $14) 31... Re4 {[%emt 0:00:19]} 32. Nc2 {[%emt 0:00:37]} Rxe3 {[%emt 0:00:16]} 33. Nxe3 {[%emt 0:00:01]} Rc8 {[%emt 0:00:07]} 34. f4 {[%emt 0:00:27]} Ke8 {[%emt 0:01:20]} 35. c4 {[%emt 0:00:15]} Kd8 {[%emt 0:00:21]} 36. Kg2 {[%emt 0:00:37]} Kc7 {[%emt 0:00:07]} 37. Kf3 {[%emt 0:00:02]} Rg8 {[%emt 0:00:30]} 38. h4 {[%emt 0:00:13]} Ne8 {[%emt 0:00:19]} 39. b4 {[%emt 0:00:09]} f5 {[%emt 0:00:08]} 40. Bd3 {[%emt 0:00:29]} (40. Bg2 $16) 40... Nef6 {[%emt 0:00:03] [#]} (40... Ng7 $14 {is more appropriate.}) 41. Nc2 $1 $16 {[%emt 0:00:01]} Rc8 {[%emt 0:00:59]} 42. Nd4 {[%emt 0:00:14]} Kd8 {[%emt 0:00:03]} 43. Ke3 {[%emt 0:00:25]} Ke8 {[%emt 0:00:18]} 44. Ra1 {[%emt 0:00:17]} Ng4+ {[%emt 0:00:19]} 45. Ke2 {[%emt 0:00:09]} Ngf6 {[%emt 0:00:11]} 46. Ke3 {[%emt 0:00:01]} Ng4+ {[%emt 0:00:06]} 47. Ke2 {[%emt 0:00:07]} Ngf6 $1 {[%emt 0:00:03]} 48. Ne6 {[%emt 0:00:11]} Nf8 {[%emt 0:00:17]} 49. Nxf8 {[%emt 0:00:05]} Kxf8 {[%emt 0:00:02][%mdl 4096] Endgame KRB-KRN} 50. Ke3 {[%emt 0:00:01]} e6 {[%emt 0:00:22]} 51. dxe6 {[%emt 0:00:02]} Ke7 {[%emt 0:00:01]} (51... Re8 $16 {was called for.}) 52. Kd4 $18 {[%emt 0:00:08]} Kxe6 $2 {[%emt 0:00:03]} (52... Rb8 53. Re1 b6) 53. Re1+ {[%emt 0:00:01]} Kd7 {[%emt 0:00:11]} 54. Bc2 {[%emt 0:00:02] Threatens to win with Ba4+.} Rg8 {[%emt 0:00:51]} 55. Ba4+ {[%emt 0:00:32]} Kd8 {[%emt 0:00:02]} 56. c5 {[%emt 0:00:42]} dxc5+ {[%emt 0:00:20]} 57. Kxc5 {[%emt 0:00:01]} ({Not} 57. bxc5 Kc8 $16) 57... Rg7 {[%emt 0:00:20]} 58. Re6 {[%emt 0:00:23]} Rf7 {[%emt 0:00:21]} 59. Bb3 {[%emt 0:00:08]} Ne4+ {[%emt 0:00:31]} 60. Kb6 {[%emt 0:00:00] Weighted Error Value: White=0.13 (very precise) /Black=0.19 (very precise)} 1-0

[Event "Czech Open-Rapid 2022"]
[Site "Pardubice"]
[Date "2022.07.21"]
[Round "8.3"]
[White "Babula, Vlastimil sr"]
[Black "Pulpan, Jakub"]
[Result "1-0"]
[WhiteElo "2556"]
[BlackElo "2424"]
[Annotator "TA"]
[PlyCount "73"]
[EventDate "2022.07.20"]
[EventType "swiss"]
[EventCountry "CZE"]
[SourceTitle "playchess.com"]
[Source "ChessBase"]
[SourceQuality "1"]
[TimeControl "1200+10"]

{[%evp 23,73,7,12,27,19,0,36,37,36,22,21,30,22,-78,-96,-92,-77,-159,-154,-650,-642,-705,-404,-359,-273,-267,-251,-530,484,266,1252,1188,1081,958,5377,2765,2073,1810,1871,1691,5235,3811,29976,29977,6712,1472,3009,1424,1630,1466,1535,1366]} 1. d4 {[%emt 0:00:03]} Nf6 {[%emt 0:00:02]} 2. c4 {[%emt 0:00:02]} e6 {[%emt 0:00:01]} 3. Nc3 {[%emt 0:00:03]} Bb4 {[%emt 0:00:01]} 4. Bg5 {[%emt 0:00:02]} h6 {[%emt 0:00:13]} 5. Bh4 {[%emt 0:00:02]} c5 {[%emt 0:00:01]} 6. d5 {[%emt 0:00:13]} d6 {[%emt 0:00:01]} 7. e3 {[%emt 0:00:11]} Bxc3+ {[%emt 0:00:12]} 8. bxc3 {[%emt 0:00:02]} e5 {[%emt 0:00:01]} 9. Qc2 {[%emt 0:00:16]} Qe7 {[%emt 0:01:14]} 10. Nf3 {[%emt 0:00:10]} Nbd7 {[%emt 0:00:22]} 11. Nd2 {[%emt 0:00:05]} g5 {[%emt 0:01:11]} 12. Bg3 {[%emt 0:00:03]} Nh5 {[%emt 0:00:02]} 13. Be2 $5 {[%emt 0:00:44][%mdl 4] An interesting side line. E31: Nimzo-Indian: Leningrad Variation: 4...h6 5 Bh4 c5 6 d5 d6.} Ndf6 {[%emt 0:00:39] [#]} 14. h3 $146 {[%emt 0:03:04]} ({Predecessor:} 14. Rb1 Ng7 15. h4 g4 16. h5 Bf5 17. Qa4+ Kf8 18. Rb2 Ngxh5 19. Bh4 Qc7 20. f3 gxf3 21. Bxf3 {1-0 (38) Rogozenco,T (2087)-Fuchs,A (2054) Braunfels 2018}) 14... Kd8 {[%emt 0:02:03]} 15. Bh2 {[%emt 0:00:11] White is slightly better.} Kc7 {[%emt 0:00:01]} 16. g4 {[%emt 0:00:33]} Ng7 {[%emt 0:00:02]} 17. O-O-O {[%emt 0:01:04]} h5 {[%emt 0:01:24][%cal Rh5g4]} 18. gxh5 {[%emt 0:01:14]} (18. f4 $11 exf4 {[#]} 19. exf4 $1) 18... Bf5 $17 {[%emt 0:03:10]} 19. e4 {[%emt 0:00:56]} Bxh3 {[%emt 0:00:09][%cal Bf5h3,Bh3g2,Bg2h1][%mdl 32]} 20. Nf3 {[%emt 0:01:11]} (20. Rdg1 $142) 20... Bg2 {[%emt 0:01:58]} (20... Rxh5 21. Nxe5 g4 22. Nc6 $11) 21. Nxe5 {[%emt 0:04:05]} (21. Rhg1 $17 Bxf3 22. Bxf3) 21... Bxh1 $19 {[%emt 0:01:26]} 22. Nc6 {[%emt 0:02:07]} bxc6 {[%emt 0:02:17]} 23. e5 {[%emt 0:00:12]} Nfe8 {[%emt 0:01:42]} 24. Rxh1 {[%emt 0:00:22]} cxd5 {[%emt 0:02:27] aiming for ...Rb8.} (24... Nxh5 25. Qa4 Qd7 26. dxc6 Qxc6 27. Qxc6+ Kxc6 28. Bf3+ Kd7 29. Bxa8 $11) 25. Rd1 $2 {[%emt 0:00:15]} (25. Qa4 {was the only chance.} Kd8 26. exd6) 25... d4 $4 {[%emt 0:01:19][%mdl 8192]} (25... Nxh5 $19 {and all is fine.} 26. Qa4 Kd8 27. exd6 Qb7) 26. cxd4 {[%emt 0:00:35]} (26. Qe4 $142 {Hoping for exd6+.} d5 27. cxd5) 26... Ne6 $2 {[%emt 0:01:41]} (26... Nxh5 $2 27. exd6+ Nxd6 28. dxc5 $18) (26... d5) 27. exd6+ $18 {[%emt 0:00:36][%mdl 64] [#] Remove Defender} Nxd6 {[%emt 0:00:02]} 28. dxc5 {[%emt 0:00:00][%mdl 64] Pin} Qf6 {[%emt 0:00:23]} 29. Bxd6+ {[%emt 0:00:36]} Kc8 {[%emt 0:00:02]} 30. Qa4 {[%emt 0:03:30] Threatening mate with Qc6+.} Qc3+ {[%emt 0:00:16]} 31. Kb1 {[%emt 0:00:01] White wants to mate with Qc6+.} Rb8+ {[%emt 0:00:01]} 32. Bxb8 {[%emt 0:00:02] White threatens Bd6 and mate.} Kxb8 {[%emt 0:00:01]} 33. Qb5+ {[%emt 0:00:12]} Ka8 {[%emt 0:00:02]} 34. Qc6+ {[%emt 0:00:35] White is clearly winning.} Kb8 {[%emt 0:00:01]} 35. Qd6+ {[%emt 0:00:40]} ({Less strong is} 35. Bf3 Qb4+ 36. Kc2 (36. Ka1 Qc3+ 37. Kb1 Qb4+ 38. Kc2 Qxc4+ 39. Kd2 Rd8+ 40. Ke1 Rxd1+ 41. Bxd1 Nxc5 $18) 36... Qxc4+ 37. Kd2 Rd8+ 38. Ke1 Rxd1+ 39. Bxd1 Nxc5 40. Qd6+ Kc8 $18) (35. Rd3 $142 Qe1+ 36. Bd1 Nxc5 37. Qxc5) 35... Ka8 {[%emt 0:00:25]} 36. Qd5+ {[%emt 0:00:14]} Kb8 {[%emt 0:00:01]} 37. Rd3 {[%emt 0:00:14] Quite a comeback for White.  Weighted Error Value: White=0.87/Black=0.98} ({Worse is} 37. Bf3 Qb4+ 38. Ka1 Qc3+ 39. Kb1 Qb4+ 40. Kc2 Qa4+ 41. Kc1 Qa3+ 42. Kc2 (42. Kb1 Qb4+ $11) 42... Qa4+ 43. Kb2 Qb4+ 44. Ka1 Qc3+ 45. Kb1 $11) 1-0

[Event "Czech Open-Rapid 2022"]
[Site "Pardubice"]
[Date "2022.07.21"]
[Round "8.4"]
[White "Korobov, Anton"]
[Black "Cerveny, Martin"]
[Result "1-0"]
[WhiteElo "2692"]
[BlackElo "2396"]
[Annotator "TA"]
[PlyCount "64"]
[EventDate "2022.07.20"]
[EventType "swiss"]
[EventCountry "CZE"]
[SourceTitle "playchess.com"]
[Source "ChessBase"]
[SourceQuality "1"]
[TimeControl "1200+10"]

{[%evp 10,64,16,19,28,15,30,30,35,29,35,27,32,33,94,97,98,95,106,96,90,95,123,109,120,102,107,110,168,135,126,108,201,162,225,197,304,308,460,476,466,477,469,462,879,768,801,784,716,680,864,858,1485,1436,1693,1585,29986]} 1. d4 {[%emt 0:00:02]} d5 {[%emt 0:00:01]} 2. c4 {[%emt 0:00:01]} c6 {[%emt 0:00:02]} 3. Nc3 {[%emt 0:00:02]} Nf6 {[%emt 0:00:02]} 4. cxd5 {[%emt 0:00:02]} cxd5 {[%emt 0:00:02]} 5. Bg5 {[%emt 0:00:02]} e6 {[%emt 0:00:43]} 6. e3 {[%emt 0:00:03]} a6 {[%emt 0:00:45] D10: Slav Defence: 3 cxd5 (without early Nf3) and 3 Nc3.} 7. Bd3 {[%emt 0:00:05]} b5 {[%emt 0:00:11] [#]} 8. f4 $146 {[%emt 0:00:47]} ({Predecessor:} 8. Rc1 Be7 9. f4 Bb7 10. Nf3 Nbd7 11. O-O Ne4 12. Bxe7 Qxe7 13. Nxe4 dxe4 14. Rc7 exf3 15. Rxb7 fxg2 16. Kxg2 {1-0 (39) Kazakovskiy,V (2524)-Jakubowski,K (2475) Chess.com INT 2022}) 8... Be7 {[%emt 0:01:09] White has an edge.} 9. Nf3 {[%emt 0:00:03]} h6 {[%emt 0:00:31]} 10. Bxf6 {[%emt 0:00:39]} Bxf6 {[%emt 0:00:04]} 11. O-O {[%emt 0:00:03]} Bb7 {[%emt 0:00:38]} (11... O-O $14) 12. Ne5 $16 {[%emt 0:00:15]} h5 {[%emt 0:02:18]} 13. a4 {[%emt 0:01:19] 0x0.001449d456f9dp-1022s more active pieces.} b4 {[%emt 0:00:07]} 14. Na2 {[%emt 0:00:03][%cal Bc3a2,Ba2c1,Bc1b3][%mdl 32]} a5 {[%emt 0:00:42]} 15. Nc1 {[%emt 0:00:03]} Ba6 {[%emt 0:01:41]} 16. Bxa6 {[%emt 0:00:22]} Rxa6 {[%emt 0:00:13]} 17. Nb3 {[%emt 0:00:33]} h4 {[%emt 0:02:20]} 18. Rc1 {[%emt 0:00:32]} h3 {[%emt 0:00:10]} (18... O-O $16 {was called for.}) 19. g4 {[%emt 0:00:17][%cal Bg2g4,Bg4g5,Bg5g6][%mdl 32]} Bxe5 {[%emt 0:00:08]} 20. dxe5 {[%emt 0:00:11]} Rh4 {[%emt 0:00:44]} (20... Rc6 $16) 21. g5 {[%emt 0:00:26]} Nd7 {[%emt 0:01:05]} (21... g6 {was necessary.} 22. Nd4 Kf8) 22. Qf3 {[%emt 0:01:45]} Ra8 {[%emt 0:00:18]} (22... Kf8 $142 23. Nd4 g6) 23. Nd4 $18 {[%emt 0:00:15]} Kf8 {[%emt 0:01:30]} (23... g6 {is a better defense.} 24. Rc6 Qe7) 24. Rc6 {[%emt 0:00:17][%cal Bc1c6,Bc6d6,Bd6d7][%mdl 32] White is clearly winning.} Kg8 {[%emt 0:00:25]} 25. Qg3 {[%emt 0:00:26]} Rh5 {[%emt 0:00:29][%cal Od7e5]} 26. g6 {[%emt 0:00:17] [#] And now gxf7+ would win.} f6 {[%emt 0:01:22]} (26... Nf8 $142 27. gxf7+ Kxf7) 27. Qg4 {[%emt 0:00:34]} Rh6 {[%emt 0:00:21]} 28. Qxe6+ {[%emt 0:00:13]} Kh8 {[%emt 0:00:01]} 29. Rd6 {[%emt 0:00:09]} Rxg6+ {[%emt 0:00:27]} 30. Kh1 {[%emt 0:00:02]} Qc8 {[%emt 0:00:37]} 31. Rxd7 {[%emt 0:00:36]} Qc4 {[%emt 0:00:06]} 32. Qxh3+ {[%emt 0:00:09]} Kg8 {[%emt 0:00:16] Weighted Error Value: White=0.07 (flawless) /Black=0.36} 1-0

[Event "Czech Open-Rapid 2022"]
[Site "Pardubice"]
[Date "2022.07.21"]
[Round "8.5"]
[White "Plat, Vojtech"]
[Black "Luch, Michal"]
[Result "1-0"]
[WhiteElo "2554"]
[BlackElo "2375"]
[Annotator "TA"]
[PlyCount "87"]
[EventDate "2022.07.20"]
[EventType "swiss"]
[EventCountry "CZE"]
[SourceTitle "playchess.com"]
[Source "ChessBase"]
[SourceQuality "1"]
[TimeControl "1200+10"]

{[%evp 16,87,0,0,42,0,0,0,0,-66,-81,-75,0,-31,-29,-53,0,0,0,-52,-45,-219,-124,-123,-89,-105,0,0,0,0,0,0,0,0,0,0,0,0,0,0,179,181,176,176,202,198,316,314,367,355,486,479,601,474,1119,579,1103,1095,1092,1027,942,935,6019,5566,2773,1503,29937,29962,29982,29983,29983,29984,29984,29983]} 1. e4 {[%emt 0:00:02]} c5 {[%emt 0:00:07]} 2. Nf3 {[%emt 0:00:01]} e6 {[%emt 0:00:09]} 3. d4 {[%emt 0:00:01]} cxd4 {[%emt 0:00:01]} 4. Nxd4 {[%emt 0:00:01]} Nc6 {[%emt 0:00:01][%cal Bb8c6,Bc6a5,Ba5c4][%mdl 32]} 5. Nc3 {[%emt 0:00:02]} Qc7 {[%emt 0:00:01]} 6. Be3 {[%emt 0:00:05]} a6 {[%emt 0:00:02]} 7. Be2 {[%emt 0:00:04]} b5 {[%emt 0:01:18]} 8. a3 {[%emt 0:00:01]} Bb7 {[%emt 0:00:30]} 9. O-O {[%emt 0:00:04]} Na5 {[%emt 0:03:47] B47: Sicilian: Taimanov: 5 Nc3 Qc7 6 f4, 6 g3 and 6 Be2.} 10. Qd3 {[%emt 0:01:16][%cal Oc3b5]} Rc8 {[%emt 0:01:22]} 11. Rad1 {[%emt 0:00:21][%cal Od4b5] And now Ndxb5! would win.} Nf6 {[%emt 0:00:52] [#] The position is equal.} 12. Rfe1 $146 {[%emt 0:03:30]} ({White should play} 12. Bc1 $11) ({Predecessor:} 12. f4 Nc4 13. Bc1 Be7 14. g4 h6 15. Bf3 e5 16. Nf5 Bc5+ 17. Kh1 g6 18. g5 hxg5 19. fxg5 gxf5 20. gxf6 {0-1 (26) Sigalas,F (2153)-Botsari,A (2329) Athens 2002}) 12... Nc4 $15 {[%emt 0:05:56]} 13. Bc1 {[%emt 0:00:01]} Be7 {[%emt 0:01:17]} (13... Bd6 $17 14. g3 Bc5) 14. f4 {[%emt 0:01:11]} (14. Qh3 $5 {[%cal Re2c4]}) 14... O-O {[%emt 0:01:26][%cal Oc4a3]} 15. Bf3 {[%emt 0:02:15]} e5 {[%emt 0:00:47]} (15... d6 $15) 16. Nf5 $1 $11 {[%emt 0:01:11]} Bc5+ {[%emt 0:00:35]} 17. Kh1 {[%emt 0:00:01]} ({White should try} 17. Kf1 $11) 17... exf4 $15 {[%emt 0:01:02]} 18. Qf1 $2 {[%emt 0:00:01]} (18. b4 $15 Be3 19. Ne7+ Kh8 20. Nxc8 Rxc8 21. Nd5 Bxd5 22. exd5) 18... Rfe8 {[%emt 0:01:08]} (18... Qe5 $19 {Threatens to win with ...Rfe8.} 19. a4 Bb4 20. axb5 axb5) 19. a4 $17 {[%emt 0:02:35]} Ne3 {[%emt 0:01:05]} 20. Nxe3 {[%emt 0:00:13]} Bxe3 {[%emt 0:00:09]} ({Better is} 20... fxe3 $17 21. axb5 Bxe4 22. Nxe4 Nxe4 23. Bxe4 (23. Bxe3 $2 Bxe3 24. Rxe3 Ng3+ 25. hxg3 Rxe3 $19) 23... Rxe4 24. bxa6 Rce8) 21. Bxe3 $11 {[%emt 0:00:02]} fxe3 {[%emt 0:00:01]} 22. axb5 {[%emt 0:00:10]} axb5 {[%emt 0:00:03]} ({Resist} 22... Nxe4 23. Bxe4 Bxe4 24. Rxe3 Bxc2 25. Rxe8+ Rxe8 26. Re1 (26. Rc1 Bb3 $15) 26... Rxe1 27. Qxe1 $11) 23. Nxb5 {[%emt 0:00:28]} Qxc2 {[%emt 0:00:12]} 24. Nd6 {[%emt 0:00:33]} Nxe4 {[%emt 0:01:53]} 25. Bxe4 {[%emt 0:00:43]} Bxe4 {[%emt 0:00:02]} 26. Nxe8 {[%emt 0:00:03] The board is on fire.} Rxe8 {[%emt 0:00:11]} 27. Rxd7 $40 {[%emt 0:00:02][%mdl 128] White mounts an attack.} Qf2 {[%emt 0:00:21]} (27... f5 $11 {and Black stays safe.}) 28. Qxf2 $18 {[%emt 0:00:37]} exf2 {[%cal Rf2e1][%mdl 4096] Endgame [#] KRR-KRB} 29. Rf1 Bc6 {[%emt 0:00:23]} 30. Rdd1 {[%emt 0:00:02]} Re2 {[%emt 0:00:09] [#]} (30... Ba4 $142 31. Rc1 g6 32. Rxf2 Re4) 31. Rxf2 $3 {[%emt 0:00:03][%mdl 512]} Re8 {[%emt 0:00:09]} (31... Re6 32. Rd8+) 32. Rfd2 {[%emt 0:00:02]} Kf8 {[%emt 0:00:12]} 33. Rd8 {[%emt 0:00:02]} h5 {[%emt 0:00:03]} 34. Kg1 {[%emt 0:00:01]} g5 {[%emt 0:00:04]} (34... Rxd8 $142 35. Rxd8+ Ke7) 35. b4 {[%emt 0:00:02]} Ke7 {[%emt 0:00:12]} 36. Rxe8+ {[%emt 0:00:01]} Bxe8 {[%emt 0:00:09] KR-KB} 37. Kf2 {[%emt 0:00:01]} Bc6 {[%emt 0:00:07]} 38. g3 {[%emt 0:00:01]} h4 {[%emt 0:00:16]} 39. gxh4 {[%emt 0:00:01]} gxh4 {[%emt 0:00:01]} 40. Ke3 {[%emt 0:00:00] Rd4 would kill now.} h3 {[%emt 0:00:08]} 41. Kf4 {[%emt 0:00:01] White mates.} Bg2 {[%emt 0:00:06]} 42. b5 {[%emt 0:00:02][%cal Bb4b5,Bb5b6][%mdl 32]} Ke6 {[%emt 0:00:31]} 43. b6 {[%emt 0:00:02]} Ke7 {[%emt 0:00:05]} 44. Rd3 {[%emt 0:00:04] White used his chance.  Weighted Error Value: White=0.39/Black=0.65} 1-0

[Event "Czech Open-Rapid 2022"]
[Site "Pardubice"]
[Date "2022.07.21"]
[Round "8.6"]
[White "Lalic, Bogdan"]
[Black "Jirovsky, Milos"]
[Result "1/2-1/2"]
[WhiteElo "2412"]
[BlackElo "2458"]
[Annotator "TA"]
[PlyCount "26"]
[EventDate "2022.07.20"]
[EventType "swiss"]
[EventCountry "CZE"]
[SourceTitle "playchess.com"]
[Source "ChessBase"]
[SourceQuality "1"]

1. d4 d5 2. c4 e6 3. Nf3 Nf6 4. Nc3 Nbd7 5. cxd5 exd5 6. Bg5 Bb4 7. Rc1 c6 8. a3 Be7 9. e3 O-O 10. Bd3 Re8 11. Qc2 Nf8 12. O-O Be6 13. Bxf6 Bxf6 1/2-1/2

[Event "Czech Open-Rapid 2022"]
[Site "Pardubice"]
[Date "2022.07.21"]
[Round "8.7"]
[White "Vykouk, Jan"]
[Black "Freisler, Pavel"]
[Result "0-1"]
[WhiteElo "2476"]
[BlackElo "2256"]
[Annotator "TA"]
[PlyCount "88"]
[EventDate "2022.07.20"]
[EventType "swiss"]
[EventCountry "CZE"]
[SourceTitle "playchess.com"]
[Source "ChessBase"]
[SourceQuality "1"]

1. e4 e5 2. Nf3 Nc6 3. Bc4 Bc5 4. d3 Nf6 5. Nc3 d6 6. Na4 Bb6 7. Nxb6 axb6 8. a3 Qe7 9. h3 Be6 10. Bxe6 Qxe6 11. O-O O-O 12. Re1 Rfe8 13. Ng5 Qd7 14. f4 h6 15. Nf3 d5 16. Nxe5 Nxe5 17. fxe5 Rxe5 18. Bf4 Re7 19. e5 Rae8 20. Rf1 Nh7 21. Qf3 Re6 22. Rad1 Nf8 23. d4 c6 24. Rf2 f6 25. Qg4 fxe5 26. Bxe5 Ng6 27. Rdf1 Nxe5 28. dxe5 Qe7 29. Qd4 Qc5 30. Qxc5 bxc5 31. Rf7 R8e7 32. Rxe7 Rxe7 33. Rf5 Rf7 34. Rh5 Kh7 35. e6 Re7 36. c4 d4 37. Re5 Kg6 38. g4 Kf6 39. Rxc5 g6 40. Ra5 Rxe6 41. Ra8 Ke7 42. Rb8 d3 43. Rxb7+ Kd8 44. Rb3 Rd6 0-1

[Event "Czech Open-Rapid 2022"]
[Site "Pardubice"]
[Date "2022.07.21"]
[Round "8.8"]
[White "Ibrahim, Emad Eldin"]
[Black "Neuman, Petr"]
[Result "1/2-1/2"]
[WhiteElo "2028"]
[BlackElo "2378"]
[Annotator "TA"]
[PlyCount "61"]
[EventDate "2022.07.20"]
[EventType "swiss"]
[EventCountry "CZE"]
[SourceTitle "playchess.com"]
[Source "ChessBase"]
[SourceQuality "1"]

1. e4 c5 2. Nc3 d6 3. f4 g6 4. Nf3 Bg7 5. Bc4 Nc6 6. O-O e6 7. d4 Nxd4 8. Nxd4 Bxd4+ 9. Kh1 a6 10. a4 Ne7 11. f5 gxf5 12. Bg5 h6 13. Bh4 h5 14. exf5 d5 15. fxe6 Bxe6 16. Bxe7 Kxe7 17. Bd3 Qd6 18. Qf3 Rag8 19. Rae1 Kd8 20. Bf5 Kc7 21. Bxe6 fxe6 22. Qf7+ Qd7 23. Rxe6 Qxf7 24. Rxf7+ Kb8 25. Ree7 Re8 26. Rxb7+ Ka8 27. g3 Bxc3 28. bxc3 Rhf8 29. Ra7+ Kb8 30. Rfb7+ Kc8 31. Rc7+ 1/2-1/2

[Event "Czech Open-Rapid 2022"]
[Site "Pardubice"]
[Date "2022.07.21"]
[Round "8.9"]
[White "Dobrowolski, Piotr"]
[Black "Gressmann, Moritz"]
[Result "1/2-1/2"]
[WhiteElo "2423"]
[BlackElo "2114"]
[Annotator "TA"]
[PlyCount "126"]
[EventDate "2022.07.20"]
[EventType "swiss"]
[EventCountry "CZE"]
[SourceTitle "playchess.com"]
[Source "ChessBase"]
[SourceQuality "1"]

1. e4 e5 2. Nf3 Nc6 3. Bb5 a6 4. Ba4 Nf6 5. O-O Be7 6. Re1 b5 7. Bb3 d6 8. a4 Na5 9. Ba2 O-O 10. b4 Nc6 11. axb5 Nxb4 12. Nc3 Nxa2 13. Rxa2 Bb7 14. bxa6 Bxa6 15. d3 h6 16. Be3 Bb7 17. Qb1 Rxa2 18. Qxa2 Qa8 19. Qb2 Bc6 20. Ra1 Qb8 21. Qxb8 Rxb8 22. Ra6 Ra8 23. Rxa8+ Bxa8 24. h3 Bc6 25. Kf1 Kf8 26. Ke2 Bd7 27. Nd2 Be6 28. Nb5 Ne8 29. Ba7 c6 30. Nc3 Bd8 31. Nc4 Bxc4 32. dxc4 c5 33. Nd5 Nf6 34. Bb8 Nxd5 35. cxd5 Ke7 36. Kd3 Kd7 37. Kc4 Bg5 38. Kb5 Bd8 39. g3 Bg5 40. Ba7 Bd2 41. g4 Be1 42. f3 Bg3 43. Bb6 g5 44. Ba5 Bf4 45. Be1 f6 46. h4 Be3 47. Kc4 Bf4 48. h5 Be3 49. Kb5 Bf4 50. Bf2 Bd2 51. c4 Bb4 52. Be3 Ba3 53. Bd2 Bb2 54. Ba5 Bd4 55. Kb6 Be3 56. Kb7 Bd4 57. Bc7 Bc3 58. Kb8 Bb4 59. Bb6 Bc3 60. Kb7 Bd2 61. Ba7 Bc3 62. Bb8 Bb4 63. Bc7 Bc3 1/2-1/2

[Event "Czech Open-Rapid 2022"]
[Site "Pardubice"]
[Date "2022.07.21"]
[Round "8.10"]
[White "Dosedel, Jiri"]
[Black "Blatny, Pavel"]
[Result "0-1"]
[WhiteElo "2008"]
[BlackElo "2325"]
[Annotator "ChessBase"]
[PlyCount "122"]
[EventDate "2022.07.20"]
[EventType "swiss"]
[EventCountry "CZE"]
[SourceTitle "playchess.com"]
[Source "ChessBase"]
[SourceQuality "1"]

1. Nf3 b6 2. g3 Bb7 3. Bg2 e6 4. d3 g6 5. O-O Bg7 6. e4 d6 7. c4 Nd7 8. Nc3 Ne7 9. Be3 h6 10. Qd2 a6 11. Rad1 c5 12. d4 Qc7 13. d5 e5 14. Ne1 Nf6 15. h3 g5 16. a3 Bc8 17. b4 cxb4 18. axb4 Qxc4 19. Bxb6 Qxb4 20. Rb1 Qc4 21. Nd3 Bd7 22. Rfc1 O-O 23. Rb4 Qc8 24. Ne2 Qe8 25. Bc7 Nc8 26. Rb7 Bb5 27. Nb4 Nd7 28. Nc3 Nc5 29. Rb8 Rxb8 30. Bxb8 Nb3 31. Qc2 Nxc1 32. Qxc1 Qd7 33. Nxb5 axb5 34. Nc6 Nb6 35. Qb2 Na4 36. Qxb5 Nc5 37. Ba7 Nb7 38. Bf1 Ra8 39. Bb6 Bf8 40. Kg2 g4 41. hxg4 Qxg4 42. f3 Qg5 43. Bf2 Ra2 44. Qxb7 Qe3 45. Qa7 Rxf2+ 46. Kg1 Qxa7 47. Nxa7 Rxf3 48. Nc6 Rxg3+ 49. Kf2 Rc3 50. Be2 Kg7 51. Bg4 Kf6 52. Bf5 h5 53. Kg2 h4 54. Nd8 Bh6 55. Nc6 Bf4 56. Nd8 Be3 57. Nc6 Bb6 58. Nb8 Kg5 59. Nd7 Ba7 60. Kh2 Rc2+ 61. Kh3 Bg1 0-1